=LDR 00000nam 2200000 4500 =001 INLIS000000000025720 =990 ##$$a 0001/BPAP-NTB/20142015 =005 20130612124216 =990 ##$$a 00052256 =008 ***********************************Ind** =035 ##$$0010-061300000025720 =041 ##$$a Ind =082 ##$$a 2X1.12 =090 ##$$a 2X1.12, Zen t =100 ##$$a Zen, A. Muhaimin =245 ##$$a Tata cara / problematika menghafal Al Qur'an dan petunjuk-petunjuknya, A. Muhaimin Zen =260 ##$$a 1985 $b Jakarta =300 ##$$a xxi, 284 hlm, 20 cm =650 ##$$a Tata cara - Menghafal Al Qur'an =850 ##$$a NBPNMAT =990 ##$$a 0001/BPAP-NTB/20142015